La prescripcin̤ penal

Detalles Bibliográficos
Autor principal: Yuseff Sotomayor, Gonzalo
Formato: Desconocido
Lenguaje:español
Publicado: Santiago de Chile : Jurd̕ica de las Americas, 2009
Materias:
Acceso en línea:Acceso restringido

MARC

LEADER 00000ny a22000003n 4500
005 20110601144846.0
008 971112s1994 cl 000|0 spa d
020 |a 9786077877004 
035 |a 4725 
040 |a ES-VaUB.   |b cat.   |c ES-VaUB  |d vLex 
080 |a 343.291 
080 |a 343.31.7 
080 |a 347.932 
080 |a 347.933 
090 |c 421  |d 421 
100 1 |a Yuseff Sotomayor, Gonzalo 
245 1 3 |a La prescripcin̤ penal  |h [Recurso electrn̤ico]  |c Gonzalo Yuseff Sotomayor 
256 |a Servicio en ln̕ea 
260 |a Santiago de Chile :  |b Jurd̕ica de las Americas,  |c 2009 
300 |a v. 
506 1 |a Contenido solo disponible en los productos indicados  |d vLex Global  |d vLex Global (Academic Edition, excluding Law Schools)  |d vLex Global (U.S. Academic Edition, Law Schools)  |d vLex Global (U.S. Academic Edition, excluding Law Schools)  |d vLex Global (Academic Edition, Law Schools) 
650 0 4 |a Derecho penal 
740 0 |a vLex Libros (Servicios en ln̕ea) 
856 4 0 |u http://vlex.com/source/4725  |z Acceso restringido 
942 |c BOOK 
999 0 4 |a Criminal Law  |b Chile 
999 0 4 |a Penes 
999 0 4 |a Prescripci ̤(Dret penal)